Logo BPK

Biblioteka

Politechniki Koszalińskiej

Fiziceskaja elektronika. (Rekord nr 17348)

Szczegóły MARC
000 -ETYKIETA REKORDU
podpole kontrolne o stałej długości 00422nam a2200181 i 4500
001 - NUMER KONTROLNY REKORDU
pole kontrolne bg
040 ## - ŹRÓDŁO KATALOGOWANIA
Instytucja, która utworzyła rekord BPK
041 ## - KOD JĘZYKA
Kod języka tekstu pol
080 ## - UNIWERSALNA KLASYFIKACJA DZIESIĘTNA - UKD
UKD 537
008 - POLE O STAŁEJ DŁUGOŚCI - DANE KONTROLNE
podpole kontrolne o stałej długości s pl f |000 0 pol
245 #0 - TYTUŁ/ODPOWIEDZIALNOŚĆ
Tytuł Fiziceskaja elektronika.
250 ## - STREFA WYDANIA
Oznaczenie wydania Vyp. 13.
260 ## - STREFA ADRESU WYDAWNICZEGO
Miejsce wydania L'vov :
Nazwa wydawcy/dystrybutora "Viscaja Skola",
Data publikacji, dystrybucji/powstania dokumentu 1976.
300 ## - STREFA OPISU FIZYCZNEGO
Objętość s. 134, nlb. 2 :
Inne cechy fizyczne rys.
500 ## - UWAGI OGÓLNE
Tekst uwagi [Alf. ros.].
504 ## - UWAGA DOTYCZĄCA BIBLIOGRAFII
Informacje o bibliografii [Zawiera bibliogr.].
942 ## - DODATKOWE ELEMENTY (KOHA)
Typ dokumentu Książka
Egzemplarze
Wycofany Status egzemplarza Uszkodzony Dostępność Lokalizacja stała Lokalizacja bieżąca Miejsce przechowywania Sygnatura Kod kreskowy Typ dokumentu Numer ubytku
      Dostępny Biblioteka Politechniki Koszalińskiej Biblioteka Politechniki Koszalińskiej Wypożyczalnia BG 22074 01680737 Książka  
  Egz. niedostępny   Niedostępny Biblioteka Politechniki Koszalińskiej Biblioteka Politechniki Koszalińskiej   22075 01680744 Książka 12054
© 2023 Biblioteka Politechniki Koszalińskiej :: KOHA